Central Library OPAC University of Rajshahi

Textbook of microbiology / (Record no. 66125)

MARC details
000 -LEADER
fixed length control field 00742nam a2200253 a 4500
001 - CONTROL NUMBER
control field 66125
003 - CONTROL NUMBER IDENTIFIER
rucl marc code BD-RjUL
005 - DATE AND TIME OF LATEST TRANSACTION
control field 20211209081513.0
008 - FIXED-LENGTH DATA ELEMENTS--GENERAL INFORMATION
fixed length control field 170314r20122008ii a|||| |||| 001 0 eng d
020 ## - INTERNATIONAL STANDARD BOOK NUMBER
International Standard Book Number 9788173716744
035 ## - SYSTEM CONTROL NUMBER
System control number (BD-RjUL)66255
040 ## - CATALOGING SOURCE
Original cataloging agency BD-RjUL
Language of cataloging eng
Transcribing agency BD-RjUL
Modifying agency BD-RjUL
041 ## - LANGUAGE CODE
Language code of text/sound track or separate title eng
082 ## - DEWEY DECIMAL CLASSIFICATION NUMBER
Edition number 23
Classification number 579
Author mark and year ANT 2012
100 1# - MAIN ENTRY--PERSONAL NAME
Personal name Ananthanarayan, R.
9 (RLIN) 195632
245 10 - TITLE STATEMENT
Title Textbook of microbiology /
Statement of responsibility, etc. R Ananthanarayan and Paniker's.
250 ## - EDITION STATEMENT
Edition statement 8th ed.
260 ## - PUBLICATION, DISTRIBUTION, ETC. (IMPRINT)
Place of publication, distribution, etc. New Delhi :
Name of publisher, distributor, etc. University Press,
Date of publication, distribution, etc. 2009 [ reprinted 2012 ].
300 ## - PHYSICAL DESCRIPTION
Pagination x, 746 p. :
Illustrations ill. ;
Size 24 cm.
500 ## - GENERAL NOTE
General note Includes index.
650 ## - SUBJECT ADDED ENTRY--TOPICAL TERM
Topical term or geographic name as entry element Microbiology.
9 (RLIN) 113916
700 ## - ADDED ENTRY--PERSONAL NAME
Personal name Paniker, C.K. Jayaram
942 ## - ADDED ENTRY ELEMENTS (KOHA)
Source of classification or shelving scheme Dewey Decimal Classification
Koha item type Books
Holdings
Lost status Source of classification or shelving scheme Damaged status Not for loan Collection code Permanent Location Current Location Shelving location Date acquired Source of acquisition Cost, normal purchase price Total Checkouts Full call number Date last seen Copy number Koha item type
  Dewey Decimal Classification   Not For Loan Non-fiction Central Library, University of Rajshahi Central Library, University of Rajshahi Reading Room 27/06/2013 Dhaka associated Business corporation 1005.00   579 ANT 2012 14/03/2017 C-1 Books